000 00368 a2200157 4500
001 148983
040 _cEscola São Tomás de Aquino
100 _aROCHA, Ruth
240 1 0 _aUma história com mil macacos
_lpor
245 1 0 _aUma história com mil macacos
300 _a29
362 0 _a2009
440 1 _aSalamandra
697 _a*LITERATURA INFANTO
942 _cBK
999 _c148983
_d148983